The copper industry in Zambia: foreign mining companies in a developing country (Record no. 38776)

MARC details
000 -LEADER
fixed length control field 00646nam a2200169 a 4500
008 - FIXED-LENGTH DATA ELEMENTS--GENERAL INFORMATION
fixed length control field 120416s1981 ||||||||||||||||| || u
020 ## - INTERNATIONAL STANDARD BOOK NUMBER
International Standard Book Number 003059698X
050 ## - LIBRARY OF CONGRESS CALL NUMBER
Classification number HD 9539
100 ## - MAIN ENTRY--PERSONAL NAME
Personal name Cunningham, Simon
245 14 - TITLE STATEMENT
Title The copper industry in Zambia: foreign mining companies in a developing country
260 ## - PUBLICATION, DISTRIBUTION, ETC.
Place of publication, distribution, etc. New York
Name of publisher, distributor, etc. Praeger
Date of publication, distribution, etc. 1981
300 ## - PHYSICAL DESCRIPTION
Extent xix, 343p. : ill.
350 ## - PRICE (NR) (BK AM CF MU VM SE) [OBSOLETE]
Price 0.00
650 ## - SUBJECT ADDED ENTRY--TOPICAL TERM
Topical term or geographic name entry element COPPER INDUSTRY AND TRADE--ZAMBIA--HISTORY
650 ## - SUBJECT ADDED ENTRY--TOPICAL TERM
Topical term or geographic name entry element COPPER MINES AND MINING--ZAMBIA--HISTORY
995 ## - RECOMMENDATION 995 [LOCAL, UNIMARC FRANCE]
-- 0.00
-- CBU-MAIN LIBRARY (Kitwe)
-- 1
-- 54.95
-- 1
-- AVAILABLE
-- Zambiana Collection
Holdings
Withdrawn status Lost status Source of classification or shelving scheme Damaged status Not for loan Home library Current library Shelving location Date acquired Total Checkouts Full call number Barcode Date last seen Price effective from Koha item type
          CBU-MAIN LIBRARY, KITWE. CBU-MAIN LIBRARY, KITWE.   11/30/2022   HD 9539 025973 11/30/2022 11/30/2022 MONOGRAPH